000 00444nam a2200181Ia 4500
008 230524s9999 xx 000 0 und d
020 _a9780074631034
082 _bRAO
100 _aP.N.Rao
245 0 _aComputer Aided Manufacturing
250 _a21
260 _aNew Delhi
_bTMH
_c2013
300 _a"XIII,409p;"
500 _aQuantity Number: 1
650 _aMechanics
700 _a" T.K.Kundra, N.K.Tewari "
_942744
942 _cBK
999 _c57725
_d57725